000 01159nas a2200325 4500
001 BR9902260
003 BR-BrBNA
005 20231205101406.0
007 ta
008 230509b bl.|||p| |||| 00| 00por d
040 _aBR-BrBNA
_bpor
_cBiblioteca Nacional de Agricultura
041 _a(Pt)
072 _aL51
100 1 _aRodriguez, N.M.
100 1 _aBorges, A.L.C.C.
100 1 _aSarda, P.O.
100 1 _aEscuder, J.
100 1 _aGoncalves, L.C.
245 1 _aTaxa de lotacao e manejo de pastagens de braquiaria (Brachiaria decumbens)e soja perene (Neonotonia wightii). 2: efeito sobre a digestibilidade in vitro, teores de parede celular das diferentes fracoes da planta e desempenho animal nas pastagens
650 _aCapim Brachiaria
650 _aSoja
650 _aSuplemento Alimentar
650 _aPastagem Consorciada
650 _aGanho de Peso
650 _aDigestibilidade In Vitro
650 _aPerformance
773 0 _tArquivo Brasileiro de Medicina Veterinaria e Zootecnia (Brazil)
_xISSN 0102-0935
_g(Jun 1998), v. 50(3) p. 303-308
_wBR9902260
909 _a202311
_bLúcia
_c55
_dLúcia Elande
942 _2AGRIS
_n0
_cANA
999 _c161553
_d161553